WWE Title Changes- 2016 - Statistics

General Stats
  • This quiz has been taken 385 times
    273 since last reset
  • The average score is 27 of 39
Answer Stats
Answer % Correct
Roman Reigns
95%
Seth Rollins
93%
Dean Ambrose
91%
AJ Styles
87%
Finn Bálor
87%
Kevin Owens
86%
Triple H
85%
Big E
83%
Charlotte Flair
83%
Becky Lynch
82%
Kofi Kingston
82%
The Miz
82%
Sheamus
81%
Sasha Banks
80%
Xavier Woods
79%
Cesaro
77%
Rusev
76%
Alexa Bliss
75%
Bayley
75%
Randy Orton
73%
Bray Wyatt
72%
Samoa Joe
72%
Dolph Ziggler
69%
Luke Harper
68%
Shinsuke Nakamura
67%
Asuka
66%
Heath Slater
63%
Rhyno
62%
Zack Ryder
62%
Alberto Del Rio
59%
Kalisto
59%
Scott Dawson
50%
Dash Wilder
49%
Chad Gable
48%
Jason Jordan
47%
Johnny Gargano
47%
Tomasso Ciampa
41%
Titus O'Neil
26%
Darren Young
25%
No matching quizzes found
Score Distribution
Percent of People with Each Score
Percentile by Number Answered
Your Score History
You have not taken this quiz since the last reset